Pays et monuments n°2 - Statistiques

Statistiques générales
  • Ce quiz a été pris 105 fois
  • Le résultat moyen est 13 sur 15
Statistiques - réponses
Par images Réponse % Correct
Cathédrale Saint-Basile, Russie
98%
Cité Interdite, Chine
98%
Opéra de Sydney, Australie
96%
Acropole d'Athènes, Grèce
95%
Machu Picchu, Pérou
95%
Sensō-ji, Japon
95%
Cathédrale de la Nativité-de-la-Sainte-Vierge, Italie
89%
Panthéon (Paris), France
88%
Stonehenge, Royaume-Uni
88%
Château de Neuschwanstein, Allemagne
87%
Basilique Sainte-Sophie, Turquie
84%
Alhambra (Grenade), Espagne
73%
Harmandir Sahib (Temple d'or), Inde
70%
Alcatraz, Etats-Unis
63%
Laykyun Setkyar, Birmanie (Myanmar)
43%
Aucun quiz correspondant
Distribution des résultats
% des personnes avec chaque résultat
Percentile par nombre de réponses
Votre historique - résultats
Vous n’avez pas pris ce quiz